Aguantando el tipo : desigualdad social y discriminación salarial : las luchas de mujeres trabajadoras / [elaboración del estudio: María Jesús Izquierdo Benito (dir.)] ; [equipo investigador: Clara Llorens Serrano ... [et al.] desigualdad social y discriminación salarial :
Descripción Física:
382 p. ; 21 cm
MARC
| LEADER | 00000nam a2200000Ia 4500 | ||
|---|---|---|---|
| 001 | 12133 | ||
| 008 | 160829s1998 xx 000 0 cat d | ||
| 080 | |a M-2-211 | ||
| 245 | |a Aguantando el tipo : |b desigualdad social y discriminación salarial : |b las luchas de mujeres trabajadoras / [elaboración del estudio: |b María Jesús Izquierdo Benito (dir.)] ; [equipo investigador: |b Clara Llorens Serrano ... [et al.] | ||
| 260 | |a Barcelona : |b Diputació de Barcelona, Àrea de Serveis Socials, |c 1998 | ||
| 300 | |a 382 p. ; |c 21 cm | ||
| 650 | |a Dones |x Treball |9 35989 | ||
| 650 | |a Discriminació sexual en el treball |x Catalunya |x Casos, Estudis de |9 33225 | ||
| 700 | |a Izquierdo Benito, María Jesús |9 2245 | ||
| 700 | |a Llorens Serrano, Clara |9 33227 | ||
| 901 | |a Arxiu | ||
| 942 | |n 1 | ||
| 952 | |0 0 |1 0 |4 0 |6 M2211 |7 1 |9 46240 |a Arxiu |b Arxiu |d 2016-12-01 |l 0 |o M-2-211 |p 12133 |r 2016-12-01 00:00:00 |w 2016-12-01 |y ARXIU | ||
| 999 | |c 49742 |d 49742 | ||